Global industrial and office rents survey (Record no. 107924)

MARC details
000 -LEADER
fixed length control field 01361cad a22002295a 4500
001 - CONTROL NUMBER
control field L142621
008 - FIXED-LENGTH DATA ELEMENTS--GENERAL INFORMATION
fixed length control field 080225s2007 xxkad f s 000 0 eng d
035 ## - SYSTEM CONTROL NUMBER
System control number (Sirsi) u142621
041 0# - LANGUAGE CODE
Language code of text/sound track or separate title eng
050 04 - LIBRARY OF CONGRESS CALL NUMBER
Classification number 333.32 $2 18
110 2# - MAIN ENTRY--CORPORATE NAME
Corporate name or jurisdiction name as entry element King Sturge
9 (RLIN) 3877
245 00 - TITLE STATEMENT
Title Global industrial and office rents survey
Remainder of title Q4 2007
Medium [electronic resource]
260 ## - PUBLICATION, DISTRIBUTION, ETC.
Place of publication, distribution, etc. London
Name of publisher, distributor, etc. King Sturge
Date of publication, distribution, etc. 2008
490 #0 - SERIES STATEMENT
Series statement Global Industrial and Office Rents Survey
Volume/sequential designation Q4 2007
520 ## - SUMMARY, ETC.
Summary, etc. Reports that demand for industrial property is strong in the fourth quarter, with 40% of respondents reporting rising occupation costs. Finds the highest occupation costs to be London Heathrow, Oslo, Dublin and several UK regional cities. Global office markets have done especially well, with 67% of respondents reporting a rise in occupation costs over the second half of 2007. Concludes that the most dynamic office markets are in the Asia Pacific region; London remains the most expensive place for office space. Tables of rents and total occupation costs on a country by country, city by city basis.
590 ## - LOCAL NOTE (RLIN)
Local note KA
650 24 - SUBJECT ADDED ENTRY--TOPICAL TERM
Topical term or geographic name entry element GLOBAL INDUSTRIAL AND OFFICE RENTS SURVEY
651 #4 - SUBJECT ADDED ENTRY--GEOGRAPHIC NAME
Geographic name International
690 ## - LOCAL SUBJECT ADDED ENTRY--TOPICAL TERM (OCLC, RLIN)
Topical term or geographic name as entry element PROPERTY-COMMERCIAL PROPERTY-COMMERCIAL PROPERTY MARKET
856 40 - ELECTRONIC LOCATION AND ACCESS
Uniform Resource Identifier <a href="https://www.kingsturge.com/">https://www.kingsturge.com/</a>
Public note View the document free of charge at www.kingsturge.com
942 ## - ADDED ENTRY ELEMENTS (KOHA)
Suppress in OPAC 0
Holdings
Withdrawn status Lost status Source of classification or shelving scheme Damaged status Not for loan Home library Current library Shelving location Date acquired Total Checkouts Full call number Barcode Date last seen Copy number Price effective from Koha item type
    Dewey Decimal Classification     Virtual Virtual Online 25/02/2008   ONLINE PUBLICATION 142621-1001 06/08/2019 1 06/08/2019 Book